Raise Your Hand: (Record no. 10057)

MARC details
000 -LEADER
fixed length control field 00376nam a22001337a 4500
008 - FIXED-LENGTH DATA ELEMENTS--GENERAL INFORMATION
fixed length control field 241015b |||||||| |||| 00| 0 eng d
082 ## - DEWEY DECIMAL CLASSIFICATION NUMBER
Classification number 320.8
100 ## - MAIN ENTRY--PERSONAL NAME
Personal name Dorjee D. Pema
245 ## - TITLE STATEMENT
Title Raise Your Hand:
Remainder of title Bhutan's First Elected Women Leaders
260 ## - PUBLICATION, DISTRIBUTION, ETC.
Place of publication, distribution, etc. Bhutan;
Name of publisher, distributor, etc. KCD Production,
Date of publication, distribution, etc. 2013.
300 ## - PHYSICAL DESCRIPTION
Extent p. 203;
Dimensions 24 Cm.
700 ## - ADDED ENTRY--PERSONAL NAME
Personal name Tshogyel Yangchen
Relator term Author
942 ## - Added entry Elements (Koha)
Source of classification or shelving scheme Dewey Decimal Classification
Holdings
Withdrawn status Lost status Source of classification or shelving scheme Damaged status Not for loan Collection code Home library Current library Shelving location Date acquired Serial Enumeration / chronology Total Checkouts Full call number Barcode Date last seen Price effective from Koha item type
    Dewey Decimal Classification     Main TEST RTC Library RTC Library Main opac 15/10/2024 18889   320.8 DOR 30020018 15/10/2024 15/10/2024 Main
Royal Thimphu College || All Right Reserved